| 000 | 00865nam a22002177a 4500 | ||
|---|---|---|---|
| 999 |
_c13051 _d13051 |
||
| 003 | AR-CdUCM | ||
| 008 | 190411b ||||| |||| 00| 0 spa d | ||
| 040 |
_aMUNICIPALIDAD PROVINCIAL DEL CUSCO _cBIBLIOTECA MUNICIPAL DEL CUSCO |
||
| 082 |
_22ed. _a985 / _bSA22 / 1963 |
||
| 100 |
_aSanchez, Luis Alberto _91008 |
||
| 245 | _aEl Perú: Retrato de un país adolescente / | ||
| 260 |
_aLima : _bUniversidad Nacional Mayor de San Marcos, Departamento de Publicaciones, _c1963. |
||
| 300 |
_a254 páginas ; _c21 cm. |
||
| 505 | _aContenido: El cuerpo -- Fronteras y protocolos -- El hombre -- Lima -- Las ciudades -- Un país monocrático ... | ||
| 650 |
_aPerú _935 |
||
| 650 |
_aVida y costumbres sociales _9857 |
||
| 650 |
_aHistoria _9136 |
||
| 710 |
_aUniversidad Nacional Mayor de San Marcos (Lima). _99962 |
||
| 942 |
_2ddc _cLIBROS |
||
| 945 |
_aachl _d2019-04-11 |
||